Enfoque: Ecuador, estudios de la realidad nacional

Bewaard in:
Bibliografische gegevens
Hoofdauteur: Chiriboga, Manuel
Coauteur: Fundación Eugenio Espejo
Formaat: Texto
Gepubliceerd in: Guayaquil: FEE
Tags: Voeg label toe
Geen labels, Wees de eerste die dit record labelt!

MARC

LEADER 00000 a a2200000 04500
001 24399
003
040
090 |a 175000  
100 |a Chiriboga, Manuel  
110 |a Fundación Eugenio Espejo  
245 |a Enfoque: Ecuador, estudios de la realidad nacional  
260 |a Guayaquil:   |b FEE  
999 |c 1951  |d 1951